Muslim women : (Record no. 94898)

MARC details
000 -LEADER
fixed length control field 00561nam a22001817a 4500
005 - DATE AND TIME OF LATEST TRANSACTION
control field 20150903112330.0
010 ## - LCCN (DPL NO)
LC control number ENG-113469
020 ## - INTERNATIONAL STANDARD BOOK NUMBER
Terms of availability 500.00
International Standard Book Number 97891170545590
035 ## - SYSTEM CONTROL NUMBER
System control number EN-97001
037 ## - SOURCE OF ACQUISITION
Source of stock number/acquisition DBAD/PUB
082 ## - DEWEY DECIMAL CLASSIFICATION NUMBER
Classification number 305.42091767
100 ## - MAIN ENTRY--PERSONAL NAME
Personal name Shahid Nasim Hyder
245 ## - TITLE STATEMENT
Title Muslim women :
Statement of responsibility, etc by Shahid Nasim Hyder
Remainder of title tradition & modernity /
260 ## - PUBLICATION, DISTRIBUTION, ETC. (IMPRINT)
Place of publication, distribution, etc New Delhi
Name of publisher, distributor, etc Classical Publishing
Date of publication, distribution, etc 2011
270 ## - ADDRESS
Address 28, Shopping Centre, Karampura
City New Delhi
Postal code 110056
300 ## - PHYSICAL DESCRIPTION
Extent 208p.
Dimensions 22cm(Hb)
942 ## - ADDED ENTRY ELEMENTS (KOHA)
Source of classification or shelving scheme Dewey Decimal Classification
Item type English Books
Call number suffix SHA
Classification part 305.42091767
Holdings
Withdrawn status Lost status Not for loan Collection code Home library Current library Date acquired Source of acquisition Cost, normal purchase price Full call number Barcode Copy number Cost, replacement price Koha item type
    Not For Loan Non-fiction D.B.Act.Division D.B.Act.Division 14/07/2015 DBAD/PUB 500.00 305.42091767 SHA EN-97001 1 500.00 English Books

© Delhi Public Library
Hit Counter
free hit counter